| 000 | 00752nam a2200241 a 4500 | ||
|---|---|---|---|
| 005 | 20160115031320.0 | ||
| 008 | 140313t2003 ck gr|||| 000 0 spa d | ||
| 040 |
_aCO-BoIAVH _cCO-BoIAVH |
||
| 041 | 0 | _aspa | |
| 044 | _ack | ||
| 082 | 0 | 4 |
_a342.0878 _bK66e |
| 100 | 1 | _aKloosterman, Jeanette | |
| 245 | 1 | 0 |
_aEstrategia de género / _cJeanette Kloosterman ; PACOFOR |
| 260 |
_aManizales : _bFAO : _bPACOFOR , _cc2003. |
||
| 300 |
_a76 páginas ; _c28 x 21 cm. |
||
| 650 | 6 | _aPerspectiva de género | |
| 650 | 6 | _aPlaneación participativa | |
| 650 | 6 | _aProyectos forestales | |
| 650 | 6 | _aParticipación comunitaria | |
| 650 | 6 | _aManejo forestal participativo | |
| 662 | _aColombia | ||
| 942 |
_cLIBRO _2ddc |
||
| 999 |
_c4018 _d4018 |
||